| 000 | 00350nam a2200121Ia 4500 | ||
|---|---|---|---|
| 008 | 211119s9999||||xx |||||||||||||| ||und|| | ||
| 082 |
_a500 _bMIT-U |
||
| 100 | _aMittal, P C | ||
| 245 | 0 | _aUpkar`s CSIR-UGC Net/jrf/set:General Sciences | |
| 260 |
_bUpkar Prakashan _a2012 _cAgra |
||
| 650 |
_aScienceGeneralia _xPost Graduate Reference |
||
| 942 | _cBOOK | ||
| 999 |
_c114814 _d114814 |
||